Possibility of using tannins as coagulants for natural latex (Record no. 65338)

MARC details
000 -LEADER
fixed length control field 00435nam a2200145Ia 4500
100 ## - MAIN ENTRY--AUTHOR NAME
Personal name Leniger H A
245 #0 - TITLE STATEMENT
Title Possibility of using tannins as coagulants for natural latex
260 ## - PUBLICATION, DISTRIBUTION, ETC. (IMPRINT)
Name of publisher Proceedings of the 2nd Rubber Technology Conference, London, 1948; p327-332
650 ## - SUBJECT ADDED ENTRY--TOPICAL TERM
Topical Term Latex coagulant
650 ## - SUBJECT ADDED ENTRY--TOPICAL TERM
Topical Term Natural latex
650 ## - SUBJECT ADDED ENTRY--TOPICAL TERM
Topical Term Tannin
700 ## - ADDED ENTRY--PERSONAL NAME
Personal name Verhaar G
942 ## - ADDED ENTRY ELEMENTS (KOHA)
Koha item type Journals
Holdings
Withdrawn status Lost status Damaged status Not for loan Home library Current library Shelving location Date acquired Koha item type
      Journals RRII Library RRII Library Rubber chemistry 17/12/2021 Journals